| 000 | 00930nam a22002057a 4500 | ||
|---|---|---|---|
| 003 | AR-FvUNAJ | ||
| 005 | 20250425104052.0 | ||
| 007 | cr | ||
| 008 | 250425b ||||| |||| 00| 0 spa d | ||
| 040 |
_aAR-FvUNAJ _dAR-FvUNAJ |
||
| 110 | 2 |
_aHospital Nacional Posadas. _bComité de Seguridad del Paciente _921466 |
|
| 245 | 1 | 0 |
_aManual de prevención y tratamiento de lesiones por presión / _cComité de Seguridad del Paciente |
| 260 |
_as.l. : _bs.d., _c2022. |
||
| 300 |
_a90 pag. _bdigital |
||
| 500 | _aDirigido a Enfermeras/os · Médicas/os · Kinesiólogas/os · Técnicas/os de Rehabilitación· Lic. en Nutrición · Cirujanas/os Plásticas/os · Farmacéuticos/as ·Especialidades afines | ||
| 650 | 0 |
_2dcs _913703 _aULCERA POR PRESION |
|
| 856 | 4 | 1 | _uhttps://www.argentina.gob.ar/sites/default/files/2022/08/manual_lpp_2022_v.3_final.pdf |
| 942 |
_2ddc _cLIBRO DIGI |
||
| 980 |
_62 _aVirginia Figueroa _82 _gVirginia Figueroa |
||
| 999 |
_c10915 _d10915 |
||